| 000 | 00957nam a2200241 a 4500 | ||
|---|---|---|---|
| 001 | 000741247 | ||
| 003 | AM-YeHGA | ||
| 005 | 20250617143401.0 | ||
| 008 | 100608s1980 |||| |||||||||||||rus d | ||
| 040 | _aAM-YeHGA | ||
| 041 | 1 |
_arus _heng |
|
| 100 | 1 | _aНоррис, Фрэнк | |
| 245 | 1 | 0 |
_aСпрут : _bРоман / _cФрэнк Норрис; Пер. с англ. П. Охрименко; Под. ред. В. Хинкиса; Вступ. ст. Е. Себежко. |
| 260 |
_aМосква : _bХудож. лит., _c1980. |
||
| 300 |
_a415 с. ; _c21 см. |
||
| 440 | 0 | _aКлассики и современники. Зарубежная литература | |
| 650 | 1 | 4 | _aМонополии США (х. л.) |
| 650 | 1 | 4 | _aФермеры в США (х. л.) |
| 650 | 1 | 4 | _aБуржуазия в США (х. л.) |
| 700 | 1 |
_aХинкис, В. _eред. _4edt |
|
| 700 | 1 |
_aСебежко, Е. _eавт. вступ. ст _4aui |
|
| 090 | _c275828 | ||
| 999 |
_c274184 _d274184 |
||